[Event "Golden Jubilee Club Championship"]
[Site "Box Hill"]
[Date "2002.04.19"]
[Round "2.47"]
[White "Papa, James"]
[Black "Shan, Indran"]
[Result "1-0"]
[WhiteElo "1428"]
[BlackElo "822"]
[Annotator "sf"]
[PlyCount "67"]
[EventDate "2002.04.12"]

1. d4 Nf6 2. c4 g6 3. Nc3 Bg7 4. e4 O-O 5. e5 Nh5 6. g4 Nf6 7. exf6 Bxf6 8. Bg2
d6 9. Be3 e5 10. dxe5 dxe5 11. h3 Be6 12. Bxb7 Nd7 13. Bxa8 Qxa8 14. Nd5 Rd8
15. Nxf6+ Nxf6 16. Qf3 Qxf3 17. Nxf3 e4 18. Ne5 a6 19. O-O Nd7 20. Rad1 f5 21.
gxf5 Bxf5 22. Bg5 Re8 23. Nxd7 Bxh3 24. Nf6+ Kf7 25. Nxe8 Bxf1 26. Kxf1 Kxe8
27. Rd8+ Kf7 28. Rd7+ Ke6 29. Rxh7 Kf5 30. Be3 c6 31. Rc7 g5 32. Rxc6 a5 33.
Rd6 Kg4 34. c5 1-0

[Event "Golden Jubilee Club Championship"]
[Site "Box Hill"]
[Date "2002.04.19"]
[Round "2.48"]
[White "Qian, Paul"]
[Black "Elbrish, Sam"]
[Result "0-1"]
[WhiteElo "816"]
[BlackElo "1396"]
[Annotator "sf"]
[PlyCount "48"]
[EventDate "2002.04.12"]

1. e4 e6 2. Nc3 c5 3. Nf3 Nc6 4. Bb5 b6 5. d4 Bb7 6. dxc5 Bxc5 7. Bxc6 Bxc6 8.
Be3 Be7 9. Ne5 Bb7 10. Qf3 Nf6 11. O-O-O O-O 12. Bg5 d6 13. Bxf6 Bxf6 14. Ng4
Be7 15. Qf4 Bg5 16. Qxg5 Qxg5+ 17. Ne3 Rad8 18. h4 Qe7 19. f4 Rc8 20. f5 exf5
21. Nxf5 Qe5 22. Rhe1 a6 23. Nd5 Bxd5 24. Rxd5 Qf6 0-1

[Event "Golden Jubilee Club Championship"]
[Site "Box Hill"]
[Date "2002.04.19"]
[Round "2.49"]
[White "Neymanis, Eric"]
[Black "Brice, Ryan"]
[Result "1-0"]
[WhiteElo "1391"]
[BlackElo "813"]
[Annotator "sf"]
[PlyCount "30"]
[EventDate "2002.04.12"]

1. f4 Nc6 2. Nf3 d5 3. e3 Bf5 4. Be2 Nf6 5. d4 e6 6. c3 Ne4 7. O-O a6 8. Ne5
Nxe5 9. fxe5 Qg5 10. Bf3 Be7 11. Qe1 c6 12. Nd2 Qg6 13. Kh1 O-O 14. Rg1 f6 15.
g4 Qh6 {Remaining moves inaccurately recorded.} 1-0

[Event "Golden Jubilee Club Championship"]
[Site "Box Hill"]
[Date "2002.04.19"]
[Round "2.51"]
[White "Eer, Derek"]
[Black "Papa, Phil"]
[Result "1/2-1/2"]
[WhiteElo "786"]
[BlackElo "1158"]
[Annotator "sf"]
[PlyCount "74"]
[EventDate "2002.04.12"]

1. e4 c5 2. Nf3 Nc6 3. d4 cxd4 4. Nxd4 g6 5. Be3 Bg7 6. Nc3 d6 7. f4 Nf6 8. Be2
Bd7 9. O-O O-O 10. f5 Qc8 11. Nxc6 Qxc6 12. Bb5 Qc7 13. Bxd7 Qxd7 14. Qd2 Ng4
15. h3 Nxe3 16. Qxe3 b5 17. Rad1 a5 18. b3 Rac8 19. Nd5 Rxc2 20. f6 exf6 21.
Nxf6+ Bxf6 22. Rxf6 Rxa2 23. Rfxd6 Qe7 24. Rd7 Qh4 25. R7d4 Qf6 26. e5 Qc6 27.
Rg4 Qc2 28. Rf1 Qe2 29. Qg5 Qd2 30. Qf6 Qh6 31. e6 fxe6 32. Qxe6+ Kh8 33. Qe5+
Kg8 34. Qe6+ Kh8 35. Qe5+ Kg8 36. Qe6+ Kh8 37. Qe5+ Kg8 1/2-1/2

[Event "Golden Jubilee Club Championship"]
[Site "Box Hill"]
[Date "2002.04.19"]
[Round "2.52"]
[White "Carey, Jamie"]
[Black "Devoy, Sean"]
[Result "1-0"]
[WhiteElo "1069"]
[BlackElo "775"]
[Annotator "sf"]
[PlyCount "37"]
[EventDate "2002.04.12"]

1. e4 e5 2. Nf3 Qf6 3. Nc3 Nc6 4. Bc4 a6 5. Nd5 Qd6 6. d3 h6 7. Be3 b5 8. Bb3
Bb7 9. Qd2 a5 10. c4 b4 11. c5 Qg6 12. Nxc7+ Kd8 13. Nxa8 Qxg2 14. O-O-O Bxa8
15. Nh4 Qg4 16. Nf5 Nf6 17. Bxf7 Ne7 18. Rdg1 Ned5 19. Bg6 {
Remaining moves inaccurately recorded.} 1-0

[Event "Golden Jubilee Club Championship"]
[Site "Box Hill"]
[Date "2002.04.19"]
[Round "2.53"]
[White "Lauder, Natasha"]
[Black "Ziffer, Rocheleh"]
[Result "0-1"]
[WhiteElo "780"]
[BlackElo "1061"]
[Annotator "sf"]
[PlyCount "216"]
[EventDate "2002.04.12"]

1. e4 c5 2. c3 d5 3. f3 e6 4. e5 Nc6 5. d4 cxd4 6. cxd4 Nge7 7. Nc3 Nf5 8. Bb5
Bd7 9. Bxc6 Bxc6 10. Nge2 Bb4 11. O-O Qb6 12. Kh1 O-O 13. a3 Bxc3 14. bxc3 Bb5
15. Re1 Qc6 16. Qd2 Bxe2 17. Rxe2 Rac8 18. Bb2 Rc7 19. Rb1 Ne7 20. Ree1 Nc8 21.
Rec1 b5 22. g4 Nb6 23. f4 Nc4 24. Qd3 Nxb2 25. Rxb2 Rb8 26. f5 Qc4 27. Qc2 a6
28. Rb4 Qc6 29. f6 g6 30. Qd2 Qe8 31. Rg1 Kh8 32. Rg3 Rbc8 33. Rh3 Qf8 34. Qe3
Rc6 35. g5 Qe8 36. Rb3 R6c7 37. Rh6 Rc4 38. Qh3 Qg8 39. Qf3 Qe8 40. h4 Qc6 41.
Rb1 Rxc3 42. Qg2 Rc1+ 43. Rxc1 Qxc1+ 44. Qg1 Qxg1+ 45. Kxg1 Rc3 46. h5 Rg3+ 47.
Kf2 Rxg5 48. hxg6 Rxg6 49. Rh1 Rg4 50. Rc1 Rg8 51. Rc7 Rf8 52. Ra7 h5 53. Rc7
Kh7 54. Kg3 Kg6 55. Kf4 Ra8 56. Rc1 a5 57. Rg1+ Kh6 58. Rg7 Ra7 59. Kg3 b4 60.
Kh4 b3 61. Rg5 b2 62. Rxh5+ Kg6 63. Rg5+ Kh7 64. Rg1 Rb7 65. Rb1 Kg6 66. Kg4
Rb3 67. Kf4 Rb7 68. Kg4 Rb3 69. Kf4 Kh7 70. Kg5 Kg8 71. Kh6 Rh3+ 72. Kg5 Rh2
73. Kg4 Kh8 74. Kg3 Rc2 75. Kf4 Kh7 76. Kg5 Rg2+ 77. Kh5 Rc2 78. Kg5 Kg8 79.
Kf4 Kf8 80. Ke3 Kg8 81. Kd3 Rh2 82. Kc3 Kh7 83. Rxb2 Rxb2 84. Kxb2 Kg6 85. a4
Kf5 86. Kc2 Ke4 87. Kd2 Kxd4 88. Kc2 Kc4 89. Kd2 d4 90. Kc2 d3+ 91. Kd2 Kd4 92.
Kd1 Kc3 93. Kc1 Kb4 94. Kd2 Kxa4 95. Kxd3 Kb3 96. Kd2 Kb2 97. Ke3 a4 98. Kf4 a3
99. Kg5 a2 100. Kh6 a1=Q 101. Kg7 Qa7 102. Kf8 Kc3 103. Kg7 Kd4 104. Kf8 Kxe5
105. Kg7 Qb7 106. Kh6 Kxf6 107. Kh5 Qb4 108. Kh6 Qh4# 0-1

[Event "Golden Jubilee Club Championship"]
[Site "Box Hill"]
[Date "2002.04.19"]
[Round "2.55"]
[White "Farrelly, Cathy"]
[Black "Mah, Zunyou"]
[Result "0-1"]
[WhiteElo "751"]
[BlackElo "904"]
[Annotator "sf"]
[PlyCount "108"]
[EventDate "2002.04.12"]

1. d4 Nf6 2. Nc3 d5 3. e3 g6 4. Nf3 Bg7 5. Bd3 Nc6 6. O-O O-O 7. b3 Bg4 8. Be2
Re8 9. Ne5 Bxe2 10. Qxe2 Nxe5 11. dxe5 Nd7 12. f4 e6 13. Ba3 c5 14. Rfd1 Qe7
15. Nb5 Rec8 16. Nd6 Rc7 17. e4 f6 18. Bb2 fxe5 19. Nb5 Rcc8 20. exd5 exd5 21.
Rxd5 e4 22. Bxg7 Qxg7 23. Rad1 Nf6 24. Rd6 Rf8 25. Qc4+ Qf7 26. Qxf7+ Kxf7 27.
Nc7 Rac8 28. Ne6 Rfe8 29. Nd8+ Kg7 30. Ne6+ Kf7 31. Ng5+ Kg7 32. Kf2 e3+ 33.
Ke2 h6 34. Ne6+ Kf7 35. Nd8+ Kg7 36. Ne6+ Kg8 37. Kxe3 Kf7 38. Kf3 Rxe6 39.
Rxe6 Kxe6 40. Re1+ Kd6 41. c4 Re8 42. Rd1+ Ke6 43. Re1+ Kf7 44. Rd1 g5 45. fxg5
hxg5 46. g4 Re4 47. h3 Rf4+ 48. Ke3 Ke6 49. a3 Ke5 50. Rc1 Re4+ 51. Kf3 Kd4 52.
Rd1+ Kc3 53. Rb1 Kc2 54. Ra1 Kxb3 0-1

[Event "Golden Jubilee Club Championship"]
[Site "Box Hill"]
[Date "2002.04.19"]
[Round "2.56"]
[White "Eer, Jocelyn"]
[Black "Gray, Alan"]
[Result "1-0"]
[WhiteElo "867"]
[BlackElo "631"]
[Annotator "sf"]
[PlyCount "77"]
[EventDate "2002.04.12"]

1. e4 e6 2. d4 d5 3. e5 c5 4. c3 Nc6 5. Nf3 Qb6 6. b3 cxd4 7. Bb2 Be7 8. cxd4
Qc7 9. Bb5 Bd7 10. O-O f6 11. Bxc6 Bxc6 12. Nbd2 Nh6 13. Rc1 Nf5 14. Re1 O-O
15. a4 a5 16. Nb1 Qd7 17. Ba3 Bxa3 18. Nxa3 Rab8 19. Nc2 b5 20. axb5 Rxb5 21.
Ne3 Nxe3 22. Rxe3 Qe8 23. Rec3 Bd7 24. Qc2 Rb8 25. Qa2 Ra8 26. Rc5 Qd8 27. Ra1
a4 28. bxa4 Bxa4 29. Qb2 Be8 30. Rc3 Bh5 31. Rca3 Qe7 32. Rxa8 Rxa8 33. Rxa8+
Kf7 34. Qb6 Kg6 35. Ra7 Qe8 36. exf6 Kxf6 37. Qd6 Qb5 38. Qf4+ Kg6 39. Qg5# 1-0

[Event "Golden Jubilee Club Championship"]
[Site "Box Hill"]
[Date "2002.04.19"]
[Round "2.57"]
[White "Tham, Christopher"]
[Black "Yu, Derek"]
[Result "0-1"]
[WhiteElo "639"]
[BlackElo "852"]
[Annotator "sf"]
[PlyCount "26"]
[EventDate "2002.04.12"]

1. e4 e5 2. Bc4 Nf6 3. Nc3 Bc5 4. Nf3 Nc6 5. O-O d6 6. d3 Bg4 7. h3 Bh5 8. Nd5
h6 9. Nxf6+ Qxf6 10. h4 Nd4 11. Bg5 hxg5 12. hxg5 Nxf3+ 13. Kh1 Bg4# 0-1

[Event "Golden Jubilee Club Championship"]
[Site "Box Hill"]
[Date "2002.04.19"]
[Round "2.58"]
[White "Mihalopoulos, Jason"]
[Black "Lugo, Jerome"]
[Result "0-1"]
[WhiteElo "833"]
[BlackElo "559"]
[Annotator "sf"]
[PlyCount "52"]
[EventDate "2002.04.12"]

1. d4 d6 2. Nc3 Nf6 3. e4 g6 4. Be3 Bg7 5. f4 O-O 6. e5 dxe5 7. fxe5 Ng4 8. Bd2
Qxd4 9. Qe2 Re8 10. Nf3 Qb4 11. b3 Rd8 12. Nd5 Qc5 13. Nc3 Nxe5 14. Bf4 Qxc3+
15. Bd2 Qxa1+ 16. Qd1 Qxa2 17. Be2 Bh6 18. Nxe5 Rxd2 19. Qxd2 Bxd2+ 20. Kxd2
Qa5+ 21. c3 Qxe5 22. g3 Bf5 23. Re1 Nc6 24. Bb5 Rd8+ 25. Bd3 Rxd3+ 26. Kc1
Qxe1+ 0-1

[Event "Golden Jubilee Club Championship"]
[Site "Box Hill"]
[Date "2002.04.19"]
[Round "2.59"]
[White "Yu, Sally"]
[Black "Van Dijk, Marieke"]
[Result "0-1"]
[WhiteElo "127"]
[BlackElo "823"]
[Annotator "sf"]
[PlyCount "42"]
[EventDate "2002.04.12"]

1. e4 e5 2. Nc3 Nf6 3. Bc4 Bc5 4. d3 a6 5. Nf3 d6 6. Bg5 h6 7. Bh4 Nc6 8. Nd5
Na5 9. Bxf6 gxf6 10. Qd2 Nxc4 11. dxc4 c6 12. Ne3 Be6 13. Nh4 Qb6 14. O-O Kd7
15. Nef5 Bxc4 16. Rfe1 Qxb2 17. Nxh6 Bb4 18. Qe3 Bxe1 19. Nxf7 Rhf8 20. Nh6 Ba5
21. Ng6 Qxa1+ 0-1

[Event "Golden Jubilee Club Championship"]
[Site "Box Hill"]
[Date "2002.04.19"]
[Round "2.61"]
[White "Lojanica, Milenko"]
[Black "Lacey, David"]
[Result "1-0"]
[WhiteElo "1946"]
[BlackElo "1534"]
[Annotator "sf"]
[PlyCount "21"]
[EventDate "2002.04.12"]

1. e4 e5 2. Nf3 Nc6 3. d4 exd4 4. Bc4 Nf6 5. O-O Bc5 6. e5 d5 7. exf6 dxc4 8.
fxg7 Rg8 9. Re1+ Be6 10. Ng5 Qf6 11. Nxe6 1-0

[Event "Golden Jubilee Club Championship"]
[Site "Box Hill"]
[Date "2002.04.26"]
[Round "3.1"]
[White "Raine, Marcus"]
[Black "Johansen, Darryl K"]
[Result "0-1"]
[WhiteElo "1927"]
[BlackElo "2515"]
[Annotator "tw"]
[PlyCount "66"]
[EventDate "2002.04.12"]

1. e4 c5 2. Nf3 d6 3. Bb5+ Nd7 4. O-O a6 5. Bxd7+ Bxd7 6. h3 Nf6 7. Re1 Qc7 8.
d3 e6 9. Bf4 e5 10. Bh2 g6 11. c3 Nh5 12. d4 f6 13. Nbd2 Be6 14. b4 cxd4 15.
cxd4 Bh6 16. Rc1 Qd8 17. Rc3 O-O 18. d5 Bd7 19. Nf1 Qb6 20. Qb3 Rac8 21. Ne3
Rxc3 22. Qxc3 Rc8 23. Qb3 Qc7 24. Nd2 Qc3 25. Qxc3 Rxc3 26. Nb3 b6 27. Rc1 Rxe3
28. fxe3 Bxe3+ 29. Kf1 Bb5+ 30. Ke1 Bxc1 31. Nxc1 Bc4 32. Kf2 f5 33. Kf3 fxe4+
0-1

[Event "Golden Jubilee Club Championship"]
[Site "Box Hill"]
[Date "2002.04.26"]
[Round "3.2"]
[White "Gluzman, Michael"]
[Black "Lojanica, Milenko"]
[Result "1-0"]
[WhiteElo "2386"]
[BlackElo "1946"]
[Annotator "tw"]
[PlyCount "99"]
[EventDate "2002.04.12"]

1. d4 d5 2. Nf3 g6 3. g3 Bg7 4. Bg2 Nf6 5. O-O O-O 6. c4 c6 7. Ne5 Nbd7 8. Nc3
Nxe5 9. dxe5 Ng4 10. cxd5 cxd5 11. Nxd5 Nxe5 12. Bg5 Nc6 13. Nxe7+ Nxe7 14.
Qxd8 Rxd8 15. Bxe7 Re8 16. Ba3 Rxe2 17. Rad1 Re8 18. Rc1 Be5 19. Rfe1 Bd7 20.
b3 Rab8 21. Rxe5 Rxe5 22. Bd6 Ree8 23. Bxb8 Rxb8 24. Rc7 Bc6 25. Bxc6 bxc6 26.
Rxc6 Rb7 27. Kf1 Re7 28. g4 Kg7 29. g5 h6 30. h4 hxg5 31. hxg5 Re5 32. Ra6 Re7
33. Kg2 Kf8 34. Kf3 Ke8 35. Ra5 Kd8 36. Kf4 Rc7 37. Ke3 Kd7 38. Ra4 Ke6 39. Ke4
Rd7 40. Ra6+ Ke7 41. b4 Ke8 42. Ke5 Ke7 43. a4 Kf8 44. b5 Ke7 45. Rc6 Kf8 46.
a5 Rd2 47. b6 axb6 48. axb6 Ke7 49. b7 Rb2 50. Rc7+ 1-0

[Event "Golden Jubilee Club Championship"]
[Site "Box Hill"]
[Date "2002.04.26"]
[Round "3.3"]
[White "Wastney, Scott"]
[Black "Pecori, Ascaro"]
[Result "1-0"]
[WhiteElo "2248"]
[BlackElo "1926"]
[Annotator "tw"]
[PlyCount "35"]
[EventDate "2002.04.12"]

1. Nf3 d5 2. d4 Nf6 3. c4 c6 4. Nc3 g6 5. Bf4 dxc4 6. e3 b5 7. Be2 Bg7 8. a4
Bd7 9. axb5 cxb5 10. Ne5 Qb6 11. b3 b4 12. Na4 Bxa4 13. Rxa4 Nd5 14. Bxc4 Nxf4
15. Qf3 Bxe5 16. dxe5 Nxg2+ 17. Qxg2 Nc6 18. Ra6 1-0

[Event "Golden Jubilee Club Championship"]
[Site "Box Hill"]
[Date "2002.04.26"]
[Round "3.4"]
[White "Dutka, Janusz"]
[Black "Rujevic, Mirko"]
[Result "0-1"]
[WhiteElo "1904"]
[BlackElo "2237"]
[Annotator "tw"]
[PlyCount "42"]
[EventDate "2002.04.12"]

1. d4 Nf6 2. c4 g6 3. Nc3 Bg7 4. e4 d6 5. Nf3 O-O 6. Be2 e5 7. O-O Nbd7 8. Re1
h6 9. Bf1 Re8 10. d5 a5 11. a3 Nc5 12. b3 Nh5 13. Bb2 Nf4 14. b4 axb4 15. axb4
Rxa1 16. Bxa1 Na6 17. Qb3 f5 18. Nd2 Nh3+ 19. Kh1 Nxf2+ 20. Kg1 Ng4 21. Be2 Qh4
0-1

[Event "Golden Jubilee Club Championship"]
[Site "Box Hill"]
[Date "2002.04.26"]
[Round "3.5"]
[White "Kempen, Leon"]
[Black "Nemeth, Janos"]
[Result "0-1"]
[WhiteElo "1995"]
[BlackElo "1918"]
[Annotator "tw"]
[PlyCount "72"]
[EventDate "2002.04.12"]

1. c4 Nf6 2. Nc3 g6 3. Nf3 Bg7 4. e4 d6 5. d4 O-O 6. Be2 Nbd7 7. O-O e5 8. dxe5
dxe5 9. Qc2 c6 10. h3 Qc7 11. Be3 Nb6 12. b3 Be6 13. c5 Nbd7 14. Ng5 Rfe8 15.
Nxe6 Rxe6 16. Bc4 Ree8 17. b4 Nf8 18. Rad1 Rad8 19. Rxd8 Rxd8 20. f4 Bh6 21.
Qc1 Kg7 22. g3 Qe7 23. a3 exf4 24. Bxf4 Bxf4 25. Rxf4 Ne6 26. e5 Nxf4 27. exf6+
Qxf6 28. Qxf4 Qxc3 29. Qxf7+ Kh8 30. Kf2 Qg7 31. Qe6 Qd4+ 32. Kg2 Rf8 33. Qe2
Rd8 34. Qe6 Qd2+ 35. Kf3 Rf8+ 36. Kg4 Qd4+ 0-1

[Event "Golden Jubilee Club Championship"]
[Site "Box Hill"]
[Date "2002.04.26"]
[Round "3.6"]
[White "Bourmistrov, Denis"]
[Black "Chowdhury, Mahmud"]
[Result "1-0"]
[WhiteElo "1962"]
[BlackElo "1694"]
[Annotator "tw"]
[PlyCount "91"]
[EventDate "2002.04.12"]

1. d4 d5 2. c4 e6 3. cxd5 exd5 4. Nc3 Nf6 5. Bg5 Be7 6. e3 c6 7. Bd3 Nbd7 8.
Nge2 O-O 9. Qc2 h6 10. Bh4 Re8 11. f3 c5 12. dxc5 Nxc5 13. O-O Nxd3 14. Qxd3
Be6 15. Nf4 Nh5 16. Bxe7 Nxf4 17. exf4 Qxe7 18. f5 Bd7 19. Qxd5 Bc6 20. Qc4
Qe3+ 21. Kh1 Rad8 22. Qh4 Rd4 23. Qg3 Qf4 24. Rfe1 Red8 25. Ne2 Qxg3 26. hxg3
Rd2 27. b4 Rc2 28. Nf4 Rdd2 29. a3 g5 30. fxg6 fxg6 31. Rad1 g5 32. Rxd2 Rxd2
33. Ng6 Kg7 34. Ne5 Ba4 35. Ng4 Bc6 36. Re6 h5 37. Ne5 Bd5 38. Rg6+ Kf8 39.
Rxg5 Ke8 40. Rxh5 Ra2 41. Ng4 Be6 42. Rh8+ Kd7 43. Rh7+ Kd6 44. Nf6 Ke5 45.
Nd7+ Kd6 46. Nc5 1-0

[Event "Golden Jubilee Club Championship"]
[Site "Box Hill"]
[Date "2002.04.26"]
[Round "3.7"]
[White "Jager, Jesse"]
[Black "Kildisas, Victor E"]
[Result "1-0"]
[WhiteElo "1531"]
[BlackElo "1814"]
[Annotator "tw"]
[PlyCount "91"]
[EventDate "2002.04.12"]

1. d4 Nf6 2. c4 e6 3. Nf3 b6 4. g3 Bb7 5. Bg2 Be7 6. O-O O-O 7. Re1 d6 8. Nc3
Ne4 9. Qc2 Nxc3 10. bxc3 f5 11. d5 e5 12. e4 fxe4 13. Nxe5 dxe5 14. Bxe4 Bc5
15. Bxh7+ Kh8 16. Be3 Qf6 17. Bxc5 bxc5 18. Re4 Qxf2+ 19. Qxf2 Rxf2 20. Kxf2
Kxh7 21. Rxe5 Nd7 22. Re7 Rd8 23. Ke3 Ba6 24. Rf1 Nb6 25. Rff7 Nxc4+ 26. Kf4
Rg8 27. Rxc7 Nd6 28. Rfd7 Rf8+ 29. Ke5 Nc4+ 30. Ke4 Re8+ 31. Kf4 Rf8+ 32. Kg5
Rg8 33. Rc6 Rf8 34. Rxa6 Ne5 35. Re7 Nf3+ 36. Kg4 Nxh2+ 37. Kh3 Nf3 38. Raxa7
Rg8 39. d6 Ng5+ 40. Kg4 Kg6 41. d7 Nh7 42. Rxg7+ Rxg7 43. d8=Q Rxa7 44. Qb6+
Nf6+ 45. Kf3 Rxa2 46. Qb1+ 1-0

[Event "Golden Jubilee Club Championship"]
[Site "Box Hill"]
[Date "2002.04.26"]
[Round "3.8"]
[White "Woodhams, Michael V"]
[Black "Small, David H"]
[Result "1-0"]
[WhiteElo "2083"]
[BlackElo "1994"]
[Annotator "tw"]
[PlyCount "51"]
[EventDate "2002.04.12"]

1. e4 c6 2. d4 d5 3. exd5 cxd5 4. c4 Nf6 5. c5 b6 6. b4 a5 7. Qa4+ Bd7 8. b5
bxc5 9. dxc5 Qc7 10. Be3 d4 11. Qxd4 e5 12. Qc4 Ng4 13. c6 Be6 14. Qc1 Bb4+ 15.
Nd2 O-O 16. a3 Be7 17. Bc4 Nxe3 18. fxe3 Qb6 19. Kf2 Bc5 20. Nf1 Kh8 21. Nf3 e4
22. Ng5 Bxc4 23. Qxc4 Nxc6 24. Qxe4 f5 25. Qxc6 Qd8 26. Ne6 1-0

[Event "Golden Jubilee Club Championship"]
[Site "Box Hill"]
[Date "2002.04.26"]
[Round "3.10"]
[White "Stojic, Dusan"]
[Black "Dizdarevic, Mehmedalija"]
[Result "0-1"]
[WhiteElo "1587"]
[BlackElo "1927"]
[Annotator "tw"]
[PlyCount "122"]
[EventDate "2002.04.12"]

1. e4 d6 2. d4 g6 3. Nc3 Bg7 4. Nf3 Nf6 5. Bc4 O-O 6. Qe2 c6 7. e5 Ne8 8. Bg5
d5 9. Bd3 f6 10. exf6 exf6 11. Bh4 Nd6 12. O-O Qb6 13. Rab1 Nf5 14. Bxf5 Bxf5
15. h3 Na6 16. Rfe1 Nc7 17. Bg3 Rae8 18. Qd2 Rxe1+ 19. Rxe1 Ne8 20. b3 Qd8 21.
Qe2 Nd6 22. Bxd6 Qxd6 23. Qe7 Qxe7 24. Rxe7 Rb8 25. Ne1 Bf8 26. Re3 Bb4 27. g4
Bd7 28. Na4 b6 29. c3 Bd6 30. Nb2 Kf7 31. Nbd3 a5 32. Nf3 h6 33. Kg2 Rc8 34.
Re1 c5 35. Rc1 c4 36. bxc4 Rxc4 37. Nd2 Rc8 38. Kf3 Ba3 39. Rc2 Ba4 40. Nb3 g5
41. Ke2 Bb5 42. Nbc1 Bc4 43. Kf3 Kg6 44. Ke2 Bxc1 45. Rxc1 Bxa2 46. Kd2 Bc4 47.
Re1 Kf7 48. Rb1 Rc6 49. Rb2 Re6 50. Rb1 a4 51. Ra1 b5 52. Ra3 Ke7 53. Ra1 Kd6
54. Nc1 Kc6 55. Nd3 Kb6 56. Nc1 Bf1 57. Ra2 Bxh3 58. Nd3 Bxg4 59. Ra1 Re2+ 60.
Kc1 h5 61. Nb4 Bf3 0-1

[Event "Golden Jubilee Club Championship"]
[Site "Box Hill"]
[Date "2002.04.26"]
[Round "3.11"]
[White "Umber, George"]
[Black "Voon, Richard"]
[Result "1/2-1/2"]
[WhiteElo "1550"]
[BlackElo "1852"]
[Annotator "tw"]
[PlyCount "74"]
[EventDate "2002.04.12"]

1. d4 Nf6 2. c4 g6 3. Nc3 d5 4. cxd5 Nxd5 5. e4 Nxc3 6. bxc3 Bg7 7. Bc4 c5 8.
Ne2 O-O 9. O-O Nc6 10. Be3 cxd4 11. cxd4 Bg4 12. f3 Na5 13. Rc1 Nxc4 14. Rxc4
Bd7 15. Qb3 b5 16. Rc5 a5 17. a3 Rb8 18. Rfc1 b4 19. axb4 axb4 20. Kf2 Bb5 21.
d5 Bxe2 22. Kxe2 Qd6 23. g3 Qa6+ 24. Qc4 Qa3 25. Bd4 Bxd4 26. Qxd4 b3 27. Ra1
Qb4 28. Qxb4 Rxb4 29. Rb1 Ra8 30. Rc3 Ra2+ 31. Ke3 Rxh2 32. Rbxb3 Rxb3 33. Rxb3
h5 34. e5 Rh1 35. Ke2 Rh2+ 36. Ke3 Rh1 37. Ke2 Rh2+ 1/2-1/2

[Event "Golden Jubilee Club Championship"]
[Site "Box Hill"]
[Date "2002.04.26"]
[Round "3.12"]
[White "Faber, Karl-Heinz"]
[Black "Lindberg, Douglas"]
[Result "0-1"]
[WhiteElo "1783"]
[BlackElo "1631"]
[Annotator "jp"]
[PlyCount "73"]
[EventDate "2002.04.12"]

1. e4 c5 2. f4 Nc6 3. Nf3 e6 4. Nc3 d6 5. d4 cxd4 6. Nxd4 Qb6 7. Ndb5 Qd8 8.
Be3 a6 9. Nd4 Nf6 10. Qf3 Qc7 11. a3 Be7 12. Bd3 Bd7 13. O-O O-O 14. Rad1 b5
15. Nde2 b4 16. axb4 Nxb4 17. Nd4 Rab8 18. Rd2 Nxd3 19. cxd3 e5 20. Nde2 Ng4
21. Nd5 Qd8 22. f5 Nxe3 23. Nxe7+ Qxe7 24. Qxe3 Rb3 25. Ng3 Qd8 26. f6 Qb6 27.
Qxb6 Rxb6 28. fxg7 Kxg7 29. Nh5+ Kg6 30. Nf6 Be6 31. Rf3 Rfb8 32. Rdf2 Rxb2 33.
Rg3+ Kh6 34. Ng8+ Kh5 35. Nf6+ Kh4 36. Nxh7 Rb1+ 37. Rf1 {Scoresheet incomplete
} 0-1

[Event "Golden Jubilee Club Championship"]
[Site "Box Hill"]
[Date "2002.04.26"]
[Round "3.13"]
[White "Waller, A (Tony)"]
[Black "Liston, Howard"]
[Result "0-1"]
[WhiteElo "1754"]
[BlackElo "1619"]
[Annotator "hl"]
[PlyCount "56"]
[EventDate "2002.04.12"]

1. d4 d5 2. Nf3 Nf6 3. c4 dxc4 4. e3 e6 5. Bxc4 c5 6. O-O a6 7. Qe2 b5 8. Bd3
Bb7 9. Rd1 cxd4 10. Nxd4 Nbd7 11. a3 Qc7 12. Nc3 Rc8 13. Bd2 Ne5 14. Rac1 Nxd3
15. Qxd3 Qb8 16. h3 Be7 17. Nde2 Rd8 18. Qc2 O-O 19. e4 Qa8 20. f3 Qa7+ 21. Kf1
Nh5 22. Be1 Qb8 23. Rxd8 Rxd8 24. g4 Nf4 25. Bg3 Bd6 26. Rd1 Nxe2 27. Bxd6 Rxd6
28. Rxd6 Ng3+ 0-1

[Event "Golden Jubilee Club Championship"]
[Site "Box Hill"]
[Date "2002.04.26"]
[Round "3.14"]
[White "Lycett, Garry"]
[Black "Lawson, Shane"]
[Result "0-1"]
[WhiteElo "1715"]
[BlackElo "1611"]
[Annotator "hl"]
[PlyCount "52"]
[EventDate "2002.04.12"]

1. d4 d5 2. c4 e6 3. Nc3 c5 4. cxd5 cxd4 5. Qxd4 Nc6 6. Qd1 exd5 7. e3 Nf6 8.
Nf3 Bd6 9. Be2 h6 10. O-O Be6 11. Nd4 Nxd4 12. Qxd4 a6 13. Bf3 O-O 14. b3 Qc7
15. Bb2 Bxh2+ 16. Kh1 Be5 17. Qd2 Rfd8 18. Rac1 Qe7 19. g3 h5 20. Ne2 Ne4 21.
Bxe4 dxe4 22. Nd4 h4 23. Kg2 Bg4 24. Rg1 hxg3 25. fxg3 Qf6 26. Qf2 Bh3+ 0-1

[Event "Golden Jubilee Club Championship"]
[Site "Box Hill"]
[Date "2002.04.26"]
[Round "3.15"]
[White "Nemeth, Laszlo"]
[Black "Zivanovic, Andjelija"]
[Result "1/2-1/2"]
[WhiteElo "1525"]
[BlackElo "1698"]
[Annotator "hl"]
[PlyCount "58"]
[EventDate "2002.04.12"]

1. d4 Nf6 2. c4 e6 3. Nc3 Bb4 4. Bg5 O-O 5. e3 d5 6. Nf3 c6 7. Bd3 dxc4 8. Bxc4
Qa5 9. Bxf6 Bxc3+ 10. bxc3 Qxc3+ 11. Nd2 gxf6 12. O-O Nd7 13. Rc1 Qa5 14. Bb3
Qg5 15. Bc2 Nb6 16. f4 Qh6 17. Rf3 e5 18. f5 Kh8 19. Rh3 Qg7 20. Qh5 Rg8 21. g3
exd4 22. Nf3 h6 23. Ne5 fxe5 24. f6 Qxf6 25. Rf1 Qxf1+ 26. Kxf1 Bxh3+ 27. Qxh3
Kg7 28. exd4 exd4 29. Qg4+ Kf8 1/2-1/2

[Event "Golden Jubilee Club Championship"]
[Site "Box Hill"]
[Date "2002.04.26"]
[Round "3.16"]
[White "O'Connor, Phil"]
[Black "Jenkins, Keith"]
[Result "0-1"]
[WhiteElo "1521"]
[BlackElo "1694"]
[Annotator "jp"]
[PlyCount "78"]
[EventDate "2002.04.12"]

1. d4 d5 2. c4 e6 3. Nf3 Nf6 4. g3 Be7 5. Bg2 O-O 6. O-O Na6 7. a3 c5 8. dxc5
Nxc5 9. Qc2 Bd7 10. Nc3 Rc8 11. Rd1 Nce4 12. Qb3 Nxc3 13. bxc3 Qa5 14. cxd5 Ba4
15. Qxb7 Rc7 16. Qb1 Bxd1 17. dxe6 Bxe2 18. exf7+ Kh8 19. Bf4 Rd7 20. Nd4 Bc4
21. Qe1 Bc5 22. Nc6 Qb6 23. Ne5 Re7 24. Qd2 Be6 25. Bg5 Rexf7 26. Nxf7+ Bxf7
27. Be3 Bxe3 28. fxe3 Bg6 29. Qd4 Qb2 30. c4 Qb8 31. Bd5 Re8 32. Rf1 Be4 33.
Bf7 Rd8 34. Qa1 Qb6 35. c5 Qxc5 36. Rxf6 Qxe3+ 37. Rf2 Rd2 38. Qf1 Bd3 39. Bc4
Bxf1 0-1

[Event "Golden Jubilee Club Championship"]
[Site "Box Hill"]
[Date "2002.04.26"]
[Round "3.20"]
[White "Lindberg, Gordon"]
[Black "Turner, Adrian E"]
[Result "1/2-1/2"]
[WhiteElo "1710"]
[BlackElo "1644"]
[Annotator "hl"]
[PlyCount "90"]
[EventDate "2002.04.12"]

1. e4 e5 2. f4 Nf6 3. Nc3 d6 4. Nf3 Nc6 5. Bc4 Be7 6. O-O exf4 7. d3 Ne5 8. Bb3
Bg4 9. Bxf4 O-O 10. Rf2 Nxf3+ 11. gxf3 Be6 12. Kh1 d5 13. Qd2 dxe4 14. fxe4
Bxb3 15. axb3 Nh5 16. Rg2 Bb4 17. Bg5 f6 18. Be3 a6 19. Qe2 Qe8 20. Nd5 Bd6 21.
Rag1 Kh8 22. Rg4 c6 23. Nb6 Rd8 24. Rh4 g6 25. Nc4 Bc7 26. Qg4 Qd7 27. Qg2 b5
28. Nd2 Rf7 29. Nf3 Bd6 30. d4 Re8 31. e5 fxe5 32. dxe5 Be7 33. Bd4 Qe6 34. Ng5
Bxg5 35. Qxg5 Qd5+ 36. Qg2 Qxg2+ 37. Rxg2 Rf1+ 38. Rg1 Rxg1+ 39. Kxg1 Kg8 40.
b4 Kf7 41. Kf2 Ke6 42. Ke3 Rf8 43. Ke2 Rf4 44. Rxf4 Nxf4+ 45. Kf3 Kf5 1/2-1/2